K otázke úlohy osobnosti v dejinách

Enregistré dans:
Détails bibliographiques
Format: Livre
Langue:slovaque
Publié: Trnava František Urbánek a spol. 1947
Tags: Ajouter un tag
Pas de tags, Soyez le premier à ajouter un tag!

MARC

LEADER 00000nam a2200000 4500
001 0268594
005 20240822101712.1
041 0 |a slo 
044 |a SK 
245 1 0 |a K otázke úlohy osobnosti v dejinách  |c G.V. Plechanov 
264 1 |a Trnava  |b František Urbánek a spol.  |c 1947